[Event "Prva liga Centralne Srbije 2010"]
[Site "Valjevo"]
[Date "2010.09.21"]
[Round "5.1"]
[White "Radovanovic, Jovica"]
[Black "Szabo, Gergely-Andras-Gyula"]
[Result "1/2-1/2"]
[WhiteElo "2305"]
[BlackElo "2552"]
[PlyCount "42"]
[EventDate "2010.09.18"]

1. Nf3 c5 2. g3 Nc6 3. Bg2 e5 4. O-O g6 5. c4 Bg7 6. Nc3 Nge7 7. d3 O-O 8. a3
a5 9. Ne1 d6 10. Nc2 Rb8 11. Rb1 Be6 12. b4 axb4 13. axb4 cxb4 14. Nxb4 Nxb4
15. Rxb4 d5 16. Nxd5 Nxd5 17. cxd5 Bxd5 18. Rb5 Bxg2 19. Kxg2 Qd7 20. Qb3 Qc6+
21. Kg1 Rfc8 1/2-1/2

[Event "Prva liga Centralne Srbije 2010"]
[Site "Valjevo"]
[Date "2010.09.21"]
[Round "5.1"]
[White "Boskovic, Drasko"]
[Black "Pantelic, Sasa"]
[Result "1-0"]
[WhiteElo "2417"]
[BlackElo "2359"]
[PlyCount "45"]
[EventDate "2010.09.18"]

1. d4 Nf6 2. Bg5 e6 3. Nd2 h6 4. Bh4 c5 5. e4 cxd4 6. e5 g5 7. Bg3 Nd5 8. h4
Qa5 9. hxg5 Ne3 10. fxe3 dxe3 11. c3 exd2+ 12. Qxd2 Bg7 13. Nf3 h5 14. g6 d5
15. gxf7+ Kf8 16. Nh4 Kxf7 17. Bd3 Ke8 18. Ng6 Rg8 19. Qg5 Nc6 20. Qxh5 Kd7 21.
Qh7 Qd8 22. Bh4 Qe8 23. Bf6 1-0

[Event "Prva liga Centralne Srbije 2010"]
[Site "Valjevo"]
[Date "2010.09.21"]
[Round "5.1"]
[White "Misojcic, Miroslav"]
[Black "Stankovic, Milos"]
[Result "1-0"]
[WhiteElo "2248"]
[BlackElo "2315"]
[PlyCount "67"]
[EventDate "2010.09.18"]

1. d4 Nf6 2. c4 c5 3. d5 b5 4. cxb5 a6 5. bxa6 g6 6. Nc3 Bxa6 7. e4 Bxf1 8.
Kxf1 d6 9. Nge2 Bg7 10. h3 Nbd7 11. Kg1 O-O 12. Kh2 Qa5 13. Qc2 Rfb8 14. Rb1
Qc7 15. b3 e6 16. Rd1 exd5 17. exd5 Nb6 18. Bf4 Qd7 19. Kg1 Nh5 20. Bh2 Re8 21.
a4 c4 22. b4 Nxa4 23. Nxa4 Qxa4 24. Qxc4 Rac8 25. Qd3 Be5 26. Nd4 Bxh2+ 27.
Kxh2 Qa2 28. Qf3 Rc4 29. Qb3 Qxf2 30. Qxc4 Re3 31. Qc8+ Kg7 32. Rf1 Qg3+ 33.
Kh1 Qe5 34. Ne6+ 1-0

[Event "Prva liga Centralne Srbije 2010"]
[Site "Valjevo"]
[Date "2010.09.21"]
[Round "5.1"]
[White "Krstic, Petar"]
[Black "Urosevic, Zoran"]
[Result "1/2-1/2"]
[WhiteElo "2347"]
[BlackElo "2255"]
[PlyCount "106"]
[EventDate "2010.09.18"]

1. e4 c5 2. Nf3 d6 3. d4 cxd4 4. Nxd4 Nf6 5. Nc3 a6 6. g3 e5 7. Nb3 Be7 8. a4
O-O 9. Bg2 Qc7 10. Bg5 Nbd7 11. O-O h6 12. Bxf6 Nxf6 13. Re1 b6 14. Nd2 Bb7 15.
Nf1 Qc5 16. Ne3 Rfd8 17. Qd3 g6 18. Rad1 Bc6 19. b3 b5 20. axb5 axb5 21. Bf1 b4
22. Ncd5 Nxd5 23. Nxd5 Bxd5 24. Qxd5 Ra5 25. Qxc5 Rxc5 26. Ra1 Rxc2 27. Ra7 Bg5
28. Bc4 Rf8 29. Rd1 Rc1 30. Rxc1 Bxc1 31. Rd7 Kg7 32. Kf1 Bg5 33. h4 Bc1 34.
Ke2 Bb2 35. Rxd6 f5 36. Rd7+ Kh8 37. exf5 Rxf5 38. Bd3 Rf6 39. g4 Rb6 40. f3
Rf6 41. Be4 Bc3 42. Kd3 Be1 43. h5 gxh5 44. gxh5 Kg8 45. Ke2 Bc3 46. Bh7+ Kf8
47. Bg6 Ra6 48. Kd3 Ra2 49. Rb7 Rd2+ 50. Ke3 Rd4 51. Bd3 Rh4 52. Bg6 Rd4 53.
Bd3 Rh4 1/2-1/2

[Event "Prva liga Centralne Srbije 2010"]
[Site "Valjevo"]
[Date "2010.09.21"]
[Round "5.1"]
[White "Lazic, Zeljko"]
[Black "Misailovic, Nebojsa"]
[Result "0-1"]
[WhiteElo "2183"]
[BlackElo "2303"]
[PlyCount "92"]
[EventDate "2010.09.18"]

1. e4 c5 2. Nf3 e6 3. c3 Nf6 4. e5 Nd5 5. d4 cxd4 6. Qxd4 Nc6 7. Qe4 f5 8. exf6
Nxf6 9. Qh4 Be7 10. Bd3 O-O 11. Bg5 h6 12. Bxf6 Rxf6 13. Qe4 d5 14. Qh7+ Kf7
15. Nbd2 Qg8 16. Qxg8+ Kxg8 17. O-O Bd7 18. Bc2 Raf8 19. Rad1 Bc5 20. Nc4 g5
21. b4 Be7 22. Nce5 Be8 23. Nxc6 Bxc6 24. Ne5 Bb5 25. Bd3 Ba4 26. Rde1 h5 27.
Ng6 R8f7 28. Re5 Bd6 29. Rxg5 Rg7 30. h4 Be8 31. Ne5 Kf8 32. f4 Rc7 33. Bg6
Rxc3 34. Bxe8 Kxe8 35. Rxh5 Bxb4 36. Rh8+ Rf8 37. Rh7 Bc5+ 38. Kh2 Bd6 39. Ng6
Rf7 40. Rh8+ Kd7 41. h5 e5 42. h6 exf4 43. h7 Rc8 44. Rxc8 Rxh7+ 45. Kg1 Kxc8
46. Rd1 Rh6 0-1

[Event "Prva liga Centralne Srbije 2010"]
[Site "Valjevo"]
[Date "2010.09.21"]
[Round "5.1"]
[White "Civric, Zdravko"]
[Black "Merdovic, Miroljub"]
[Result "1-0"]
[WhiteElo "2204"]
[BlackElo "2176"]
[PlyCount "95"]
[EventDate "2010.09.18"]

1. e4 c6 2. d4 d6 3. Nc3 Qc7 4. a4 e5 5. Bc4 Nf6 6. Nf3 Bg4 7. d5 Be7 8. O-O
Nbd7 9. a5 c5 10. Bg5 O-O 11. h3 Bh5 12. Qd3 h6 13. Bd2 g5 14. Nh2 Bg6 15. g4
Rfc8 16. Rfb1 Nf8 17. h4 h5 18. hxg5 Nxg4 19. f3 Nxh2 20. Kxh2 Nh7 21. Rg1 Kg7
22. a6 b6 23. Bb5 Rh8 24. Bc6 Rag8 25. Nb5 Qb8 26. Raf1 Rd8 27. f4 exf4 28.
Bxf4 Kg8 29. Re1 Bf8 30. Qe3 Bg7 31. e5 dxe5 32. Bxe5 Bxe5+ 33. Qxe5 Qxe5+ 34.
Rxe5 Bxc2 35. Nxa7 Kg7 36. Nb5 Bd3 37. a7 Ra8 38. Ra1 f6 39. gxf6+ Nxf6 40.
Re7+ Kh6 41. Re6 Kg5 42. Rxf6 Bxb5 43. Bxa8 Rxa8 44. Rxb6 Bc4 45. d6 Bd5 46.
Rb8 Kf6 47. Rxa8 Bxa8 48. Re1 1-0

[Event "Prva liga Centralne Srbije 2010"]
[Site "Valjevo"]
[Date "2010.09.21"]
[Round "5.2"]
[White "Bojkov, Dejan"]
[Black "Desic, Zoran"]
[Result "1-0"]
[WhiteElo "2552"]
[BlackElo "2130"]
[PlyCount "83"]
[EventDate "2010.09.18"]

1. e4 c5 2. Nf3 g6 3. c3 Bg7 4. d4 cxd4 5. cxd4 Nf6 6. Nc3 O-O 7. e5 Ne8 8. Bc4
Nc6 9. Qe2 d6 10. h3 Nc7 11. O-O d5 12. Bb3 b6 13. Rd1 Ba6 14. Qe1 Na5 15. Bc2
Rc8 16. Bb1 f6 17. b3 fxe5 18. Nxe5 Ne6 19. Nxg6 Rf6 20. Ne5 Nc6 21. Nxc6 Rxc6
22. Be3 Nf4 23. Qd2 Nxh3+ 24. gxh3 Qc8 25. Kh2 Rxc3 26. Rg1 Qc7+ 27. Rg3 Rf3
28. Kg2 Rxg3+ 29. fxg3 Bh6 30. Bf4 Bxf4 31. gxf4 e6 32. Qe1 Qg7+ 33. Kh2 Rc6
34. Qh4 Rc8 35. Bxh7+ Kf7 36. Qh5+ Kf8 37. Rd1 Rc7 38. Bg6 Ke7 39. Qg5+ Kd7 40.
f5 Rc2+ 41. Kh1 Re2 42. Be8+ 1-0

[Event "Prva liga Centralne Srbije 2010"]
[Site "Valjevo"]
[Date "2010.09.21"]
[Round "5.2"]
[White "Lapcevic, Milos"]
[Black "Stankovic, Dragan P"]
[Result "1/2-1/2"]
[WhiteElo "2421"]
[BlackElo "2287"]
[PlyCount "51"]
[EventDate "2010.09.18"]

1. d4 Nf6 2. c4 g6 3. Nc3 d5 4. Nf3 Bg7 5. Bg5 dxc4 6. e3 Be6 7. Ne5 Nd5 8.
Nxc4 c5 9. Ne4 cxd4 10. Ned6+ Kf8 11. Nxb7 Qc7 12. Nba5 h6 13. Bh4 dxe3 14. Be2
Nc6 15. Nxc6 Qxc6 16. fxe3 Nc3 17. bxc3 Qxg2 18. Bxe7+ Kg8 19. Bf3 Bxc3+ 20.
Nd2 Bxd2+ 21. Qxd2 Qxf3 22. Rf1 Qb7 23. Bf6 Bc4 24. Rg1 Kh7 25. Bxh8 Rxh8 26.
Rc1 1/2-1/2

[Event "Prva liga Centralne Srbije 2010"]
[Site "Valjevo"]
[Date "2010.09.21"]
[Round "5.2"]
[White "Djoric, Dusan"]
[Black "Prelevic, Dusko"]
[Result "1-0"]
[WhiteElo "2300"]
[BlackElo "2342"]
[PlyCount "86"]
[EventDate "2010.09.18"]

1. d4 c5 2. d5 g6 3. Nf3 Bg7 4. e4 d6 5. Bb5+ Nd7 6. O-O Ngf6 7. Re1 O-O 8. Bf1
a6 9. c4 b5 10. cxb5 axb5 11. Bxb5 Ba6 12. Bxa6 Rxa6 13. h3 Qc7 14. Nc3 Rb8 15.
Qe2 Qb7 16. Bd2 Nb6 17. b3 Nfd7 18. Rac1 Qa7 19. Rc2 Rb7 20. a4 Nc8 21. Nb5 Qb8
22. Bc3 Na7 23. Bxg7 Kxg7 24. Nxa7 Raxa7 25. Nd2 Rb4 26. Qe3 Rab7 27. Rc3 f6
28. f4 Nb6 29. a5 Nd7 30. Ra1 R7b5 31. Rc4 Qa7 32. Rxb4 Rxb4 33. Nc4 Qa6 34.
Qc3 Qb5 35. Ra3 Nb8 36. e5 Na6 37. exf6+ exf6 38. f5 Qd7 39. Qf3 Rb8 40. fxg6
hxg6 41. Ra1 Nc7 42. Ne3 Rb4 43. a6 Rb6 {... 1-0 (54)} 1-0

[Event "Prva liga Centralne Srbije 2010"]
[Site "Valjevo"]
[Date "2010.09.21"]
[Round "5.2"]
[White "Organdziev, Oliver"]
[Black "Obradovic, Blazimir"]
[Result "1-0"]
[WhiteElo "2321"]
[BlackElo "2194"]
[PlyCount "83"]
[EventDate "2010.09.18"]

1. e4 e6 2. d4 d5 3. e5 c5 4. c3 Nc6 5. Nf3 Qb6 6. a3 c4 7. Nbd2 Na5 8. g3 Bd7
9. h4 h5 10. Bh3 g6 11. O-O Ne7 12. Rb1 Rc8 13. Ng5 Nf5 14. Bxf5 exf5 15. e6
Bxe6 16. Re1 Be7 17. Nxe6 fxe6 18. Nf3 Bf6 19. Bg5 O-O 20. Qd2 Rc7 21. Re2 Re7
22. Rbe1 Qd6 23. Ne5 Kh7 24. Qf4 Qc7 25. Nf3 Qb6 26. Kg2 a6 27. Bxf6 Rxf6 28.
Ng5+ Kg7 29. Rxe6 Rfxe6 30. Rxe6 Rxe6 31. Qc7+ Qxc7 32. Nxe6+ Kf7 33. Nxc7 f4
34. gxf4 Nb3 35. Nxd5 Nc1 36. Nb6 Nd3 37. Nxc4 Ke6 38. Kf3 Kd5 39. Ne3+ Kc6 40.
Nd1 Kd5 41. Ke3 Ne1 42. Ke2 1-0

[Event "Prva liga Centralne Srbije 2010"]
[Site "Valjevo"]
[Date "2010.09.21"]
[Round "5.3"]
[White "Rusev, Krasimir"]
[Black "Djukic, Zeljko"]
[Result "1/2-1/2"]
[WhiteElo "2524"]
[BlackElo "2382"]
[PlyCount "49"]
[EventDate "2010.09.18"]

1. d4 d5 2. c4 dxc4 3. Nf3 a6 4. e3 Nf6 5. Bxc4 e6 6. O-O c5 7. Bd3 Nc6 8. Nc3
cxd4 9. exd4 Nb4 10. Bb1 Be7 11. Ne5 O-O 12. a3 Nbd5 13. Qd3 Re8 14. Re1 Bd7
15. Qh3 Bc6 16. Bg5 g6 17. Ba2 Nh5 18. Bxe7 Rxe7 19. Qf3 Nhf6 20. Bxd5 Nxd5 21.
Rac1 Kg7 22. Nxc6 bxc6 23. Nxd5 cxd5 24. Rc5 a5 25. b3 1/2-1/2

[Event "Prva liga Centralne Srbije 2010"]
[Site "Valjevo"]
[Date "2010.09.21"]
[Round "5.3"]
[White "Andonov, Bogomil"]
[Black "Radovanovic, Dusan"]
[Result "0-1"]
[WhiteElo "2304"]
[BlackElo "2387"]
[PlyCount "58"]
[EventDate "2010.09.18"]

1. Nf3 Nf6 2. c4 g6 3. Nc3 Bg7 4. d4 O-O 5. e4 d6 6. h3 e5 7. d5 Nh5 8. Ng1 Qe8
9. Be2 f5 10. Bxh5 gxh5 11. Nf3 Na6 12. Qe2 Nc5 13. Nh4 Qf7 14. Nxf5 Bxf5 15.
exf5 Qxf5 16. O-O e4 17. Be3 Nd3 18. Nb5 Rf7 19. Nd4 Bxd4 20. Bxd4 Nf4 21. Qc2
Qg6 22. g3 Nxh3+ 23. Kh2 Ng5 24. Be3 Nf3+ 25. Kg2 Nh4+ 26. Kh2 Rf3 27. Rg1 Qg4
28. Rae1 Ng6 29. Bd4 Nf4 0-1

[Event "Prva liga Centralne Srbije 2010"]
[Site "Valjevo"]
[Date "2010.09.21"]
[Round "5.3"]
[White "Radivojevic, Ivan"]
[Black "Mitrovic, Darko R"]
[Result "1/2-1/2"]
[WhiteElo "2361"]
[BlackElo "2342"]
[PlyCount "135"]
[EventDate "2010.09.18"]

1. e4 e6 2. d4 d5 3. Nc3 Bb4 4. e5 c5 5. a3 Bxc3+ 6. bxc3 Ne7 7. Qg4 O-O 8. Bd3
Nbc6 9. Nf3 f5 10. exf6 Rxf6 11. Bg5 Rf7 12. Qh4 h6 13. Bxe7 Rxe7 14. O-O Qf8
15. Rfe1 c4 16. Bg6 Qf6 17. Qg3 Bd7 18. Ne5 Rf8 19. Re3 Nxe5 20. Rxe5 Qf4 21.
Rae1 Qxg3 22. hxg3 Rf6 23. Bh5 Kf8 24. f4 g6 25. Bf3 Rg7 26. Kf2 g5 27. Ke3 g4
28. Bd1 Ke7 29. Rh1 Be8 30. f5 h5 31. Re1 Rg5 32. Rxd5 Bc6 33. Rc5 Rgxf5 34.
Rxc4 Bxg2 35. Rc7+ Kd6 36. Rh7 e5 37. c4 Bf3 38. c3 exd4+ 39. Kxd4 Bxd1 40.
Rxd1 Kc6 41. Rh1 Rd6+ 42. Ke4 Rf3 43. R1xh5 Rxc3 44. c5 Rc4+ 45. Ke3 Re6+ 46.
Kd2 Rd4+ 47. Kc2 Rde4 48. Rg7 Re2+ 49. Kd1 Re1+ 50. Kd2 R6e2+ 51. Kd3 Re3+ 52.
Kd2 R3e2+ 53. Kd3 Re6 54. Rxg4 R1e3+ 55. Kd2 Rxa3 56. Rg8 a5 57. Rc8+ Kd7 58.
Rhh8 Rc6 59. Rhd8+ Ke7 60. Re8+ Kf6 61. Rxc6+ bxc6 62. Rc8 Rxg3 63. Rxc6+ Ke5
64. Ra6 Ra3 65. c6 Kd6 66. c7+ Kxc7 67. Kc2 Rh3 68. Rxa5 1/2-1/2

[Event "Prva liga Centralne Srbije 2010"]
[Site "Valjevo"]
[Date "2010.09.21"]
[Round "5.3"]
[White "Djokic, Vladan"]
[Black "Zivkovic, Ivan B"]
[Result "1/2-1/2"]
[WhiteElo "2279"]
[BlackElo "2327"]
[PlyCount "30"]
[EventDate "2010.09.18"]

1. c4 Nf6 2. Nf3 c6 3. d4 d5 4. Qc2 e6 5. g3 Be7 6. Bg2 O-O 7. O-O b6 8. Nbd2
Bb7 9. e4 Nbd7 10. e5 Ne8 11. h4 Nc7 12. Rd1 Re8 13. Nf1 dxc4 14. Qxc4 Nd5 15.
Bg5 f6 1/2-1/2

[Event "Prva liga Centralne Srbije 2010"]
[Site "Valjevo"]
[Date "2010.09.21"]
[Round "5.3"]
[White "Stankovic, Dejan"]
[Black "Toth, Aleksandar"]
[Result "1/2-1/2"]
[WhiteElo "2240"]
[BlackElo "2296"]
[PlyCount "23"]
[EventDate "2010.09.18"]

1. e4 e5 2. d4 exd4 3. Qxd4 Nc6 4. Qe3 g6 5. Nc3 Bg7 6. Bd2 Nge7 7. O-O-O d6 8.
Bc4 Be6 9. Bxe6 fxe6 10. Qh3 Qd7 11. Bh6 Bxh6+ 12. Qxh6 1/2-1/2

[Event "Prva liga Centralne Srbije 2010"]
[Site "Valjevo"]
[Date "2010.09.21"]
[Round "5.4"]
[White "Nestorovic, Nikola"]
[Black "Sandic, Vladeta"]
[Result "1-0"]
[WhiteElo "2420"]
[BlackElo "2331"]
[PlyCount "49"]
[EventDate "2010.09.18"]

1. e4 d5 2. exd5 Nf6 3. Bb5+ Bd7 4. Be2 Nxd5 5. d4 Bf5 6. Nf3 e6 7. a3 Bd6 8.
c4 Nf6 9. Nc3 O-O 10. h3 c5 11. Be3 Qe7 12. Nb5 cxd4 13. Nfxd4 Bc5 14. b4 Bxd4
15. Qxd4 Nc6 16. Qd6 Qxd6 17. Nxd6 Ne5 18. O-O b6 19. f4 Ned7 20. Bf3 Rab8 21.
g4 Bg6 22. Rfd1 Bc2 23. Rd2 Ba4 24. g5 Ne8 25. Nb5 1-0

[Event "Prva liga Centralne Srbije 2010"]
[Site "Valjevo"]
[Date "2010.09.21"]
[Round "5.4"]
[White "Ivanovic, Dragutin"]
[Black "Todorovic, Jovan"]
[Result "1/2-1/2"]
[WhiteElo "2329"]
[BlackElo "2417"]
[PlyCount "85"]
[EventDate "2010.09.18"]

1. d4 Nf6 2. c4 g6 3. Nc3 Bg7 4. e4 d6 5. f3 O-O 6. Bg5 a6 7. Qd2 Nbd7 8. Nh3
c5 9. d5 b5 10. cxb5 Qa5 11. Nf2 Nb6 12. Be2 axb5 13. Nxb5 Bd7 14. Qxa5 Rxa5
15. Nc3 Rb8 16. O-O Ne8 17. Nfd1 Na4 18. Bc1 Bd4+ 19. Kh1 Nc7 20. Nxa4 Rxa4 21.
Re1 Bb5 22. Nc3 Bxc3 23. bxc3 Rba8 24. a3 Bxe2 25. Rxe2 Nb5 26. Rc2 Rc4 27. Bb2
Rca4 28. Bc1 Rc4 29. Bb2 Raa4 30. Kg1 f6 31. Rcc1 Kf7 32. Kf1 Ra7 33. Ra2 Nc7
34. Ke2 f5 35. Kd3 Raa4 36. Re1 Ne8 37. Bc1 Nf6 38. Rae2 fxe4+ 39. fxe4 Nd7 40.
Bf4 Nb6 41. Bc1 Nd7 42. Bf4 Nb6 43. Bc1 1/2-1/2

[Event "Prva liga Centralne Srbije 2010"]
[Site "Valjevo"]
[Date "2010.09.21"]
[Round "5.4"]
[White "Stamenkovic, Dragan"]
[Black "Sorgic, Dragan"]
[Result "1/2-1/2"]
[WhiteElo "2370"]
[BlackElo "2289"]
[PlyCount "208"]
[EventDate "2010.09.18"]

1. d4 d6 2. e4 Nf6 3. Nc3 g6 4. Be3 c6 5. f3 Nbd7 6. Qd2 b5 7. Nh3 Nb6 8. Nf2
Nc4 9. Bxc4 bxc4 10. Qe2 d5 11. O-O Bg7 12. b4 O-O 13. a4 e6 14. e5 Ne8 15. a5
Rb8 16. Rab1 Qe7 17. Bd2 Ba6 18. Na2 Bb5 19. c3 f5 20. exf6 Nxf6 21. Rbe1 Rbe8
22. Bg5 Qc7 23. Bxf6 Rxf6 24. Ng4 Rf5 25. g3 g5 26. Qe3 Ba6 27. Nc1 Bc8 28. f4
gxf4 29. gxf4 Ref8 30. Ne2 Kh8 31. Ne5 Rh5 32. Rf3 Bf6 33. Ref1 Bd7 34. Rg3 Be8
35. Nf3 Qe7 36. Ne5 Bh4 37. Rg2 Bf6 38. Ng3 Rh3 39. Rf3 Rg8 40. Qe2 Qg7 41. Nf1
Rxf3 42. Qxf3 Qxg2+ 43. Qxg2 Rxg2+ 44. Kxg2 Bh4 45. Ng3 Kg7 46. Kh3 Be7 47. Kg4
Bd8 48. Nf1 Kf6 49. Ne3 h5+ 50. Kg3 Be7 51. Kf3 Bf8 52. Nd1 Kf5 53. h3 Bh6 54.
Ne3+ Kf6 55. Nf1 Kf5 56. Ng3+ Kf6 57. Ke3 a6 58. Nf3 Bg6 59. Ne2 Bf7 60. Nc1
Kf5 61. Nh4+ Kf6 62. Ne2 Be8 63. Ng1 Bf8 64. Ngf3 Bh6 65. Ne5 Bf8 66. Ng2 Bh6
67. Kf3 Bf8 68. Ne3 Bh6 69. Kg3 Bf8 70. Nf3 Bh6 71. Nh4 Bf8 72. Nd1 Bh6 73. Nb2
Bf8 74. Na4 Bd6 75. Kf3 Be7 76. Ke3 Kg7 77. Nf3 Kf6 78. Nh4 Kg7 79. Ng2 Kf6 80.
Kf3 Bg6 81. Ne3 Bf5 82. Kg3 Bg6 83. Nc5 Bxc5 84. bxc5 Be4 85. Kh4 Bg6 86. Kg3
Be4 87. Nd1 Bc2 88. Ne3 Be4 89. Kf2 Kg6 90. Nf1 Bf5 91. Kg2 Kf6 92. Kg3 Be4 93.
Ne3 Bd3 94. Kf2 Bf5 95. Kg3 Be4 96. Nf1 Bd3 97. Nd2 Bg6 98. Nf3 Be8 99. Ne5 Kf5
100. Kf3 Kf6 101. Ke3 Kf5 102. Nf3 Kf6 103. Ne5 Kf5 104. h4 Kf6 1/2-1/2

[Event "Prva liga Centralne Srbije 2010"]
[Site "Valjevo"]
[Date "2010.09.21"]
[Round "5.4"]
[White "Nikolic, Dragovan"]
[Black "Jesic, Dusan"]
[Result "0-1"]
[WhiteElo "2296"]
[BlackElo "2363"]
[PlyCount "74"]
[EventDate "2010.09.18"]

1. Nf3 Nf6 2. c4 g6 3. g3 Bg7 4. Bg2 O-O 5. O-O d6 6. d3 e5 7. Nc3 Nc6 8. a3 a5
9. Rb1 h6 10. Ne1 Be6 11. Nc2 d5 12. cxd5 Nxd5 13. Ne3 Nde7 14. b4 axb4 15.
axb4 Qc8 16. Ned5 Nxd5 17. Nxd5 Rd8 18. b5 Bxd5 19. Bxd5 Rxd5 20. bxc6 b6 21.
Be3 e4 22. Qb3 Rh5 23. f4 Qh3 24. Rf2 exd3 25. Qxd3 Re8 26. Rc1 Qe6 27. Rf3 Rd5
28. Qc4 b5 29. Qb3 Red8 30. Bf2 Qxe2 31. Re3 Rd1+ 32. Rxd1 Rxd1+ 33. Kg2 Qf1+
34. Kf3 Rd2 35. Re8+ Kh7 36. Qxf7 Rxf2+ 37. Kg4 Qd1+ 0-1

[Event "Prva liga Centralne Srbije 2010"]
[Site "Valjevo"]
[Date "2010.09.21"]
[Round "5.4"]
[White "Nestorovic, Lazar"]
[Black "Vuckovic, Branko"]
[Result "0-1"]
[WhiteElo "2335"]
[BlackElo "2243"]
[PlyCount "118"]
[EventDate "2010.09.18"]

1. e4 d5 2. exd5 Qxd5 3. Nc3 Qd6 4. g3 Nf6 5. Bg2 Nc6 6. Nge2 Bf5 7. O-O Qd7 8.
Re1 e6 9. d3 Be7 10. a3 O-O 11. b4 Rad8 12. Bb2 a6 13. h3 h6 14. Kh2 Rfe8 15.
Ng1 Bg6 16. Nf3 Bd6 17. Nd2 Qc8 18. Nde4 Nxe4 19. Nxe4 Bf8 20. Nc5 Rd6 21. Qg4
b6 22. Ne4 Rd5 23. Nd2 Rg5 24. Qe2 Qd7 25. f4 Rb5 26. c4 Rf5 27. Be4 Nd4 28.
Bxd4 Qxd4 29. Nf3 Qc3 30. Bxf5 Bxf5 31. d4 Rd8 32. Red1 c6 33. Kg2 b5 34. Rdc1
Qb3 35. Qa2 Bxh3+ 36. Kf2 Qd3 37. Qc2 Rxd4 38. Qxd3 Rxd3 39. Ne5 Rd2+ 40. Ke3
Rb2 41. Nxc6 Rb3+ 42. Kf2 Rb2+ 43. Ke1 bxc4 44. Rxc4 g5 45. Rac1 Rg2 46. R1c3
Bg7 47. Re3 Bf6 48. a4 gxf4 49. gxf4 Bg4 50. Kf1 Rb2 51. Ne5 Rb1+ 52. Kg2 Rb2+
53. Kg3 Bd1 54. Nd7 Be7 55. Nc5 h5 56. Nxa6 f5 57. Rc8+ Kg7 58. Rxe6 h4+ 59.
Kh3 Bg4# 0-1

[Event "Prva liga Centralne Srbije 2010"]
[Site "Valjevo"]
[Date "2010.09.21"]
[Round "5.5"]
[White "Kojovic, Dragan"]
[Black "Dancevski, Orce"]
[Result "0-1"]
[WhiteElo "2388"]
[BlackElo "2402"]
[PlyCount "120"]
[EventDate "2010.09.18"]

1. e4 c5 2. Nf3 d6 3. d4 cxd4 4. Nxd4 Nf6 5. Nc3 Nc6 6. Bg5 e6 7. Qd2 a6 8.
O-O-O h6 9. Be3 Nxd4 10. Bxd4 Qa5 11. Kb1 e5 12. Be3 Be6 13. f3 b5 14. Nd5 Qxd2
15. Rxd2 Nxd5 16. exd5 Bd7 17. c4 Be7 18. g3 bxc4 19. Bxc4 Bg5 20. f4 exf4 21.
Bxf4 Bxf4 22. gxf4 Ke7 23. Bd3 Rhc8 24. Rc2 Rxc2 25. Kxc2 Kf6 26. Kd2 Rb8 27.
b3 a5 28. Rc1 Rb7 29. Ke3 Bb5 30. Be4 Bd7 31. Bd3 a4 32. bxa4 Bxa4 33. Rb1 Ra7
34. Rb6 Ke7 35. Ra6 Rxa6 36. Bxa6 Kd7 37. h4 Kc7 38. Kd4 Kb6 39. Bd3 Ka5 40.
Kc3 Bb5 41. Bc2 Bf1 42. a3 Bb5 43. Bd1 Be8 44. Bc2 g6 45. Kd4 Ba4 46. Be4 Bd1
47. f5 gxf5 48. Bxf5 Ka4 49. Bd7+ Kxa3 50. Be8 f5 51. Bd7 f4 52. Ke4 f3 53. Ke3
Kb4 54. Bf5 Kc5 55. Be4 Be2 56. h5 Kc4 57. Bxf3 Bxf3 58. Kxf3 Kxd5 59. Kf4 Ke6
60. Ke4 Kf6 0-1

[Event "Prva liga Centralne Srbije 2010"]
[Site "Valjevo"]
[Date "2010.09.21"]
[Round "5.5"]
[White "Dudukovic, Nikola"]
[Black "Solomunovic, Igor"]
[Result "1/2-1/2"]
[WhiteElo "2237"]
[BlackElo "2406"]
[PlyCount "69"]
[EventDate "2010.09.18"]

1. e4 c5 2. Nf3 g6 3. d4 Bg7 4. c4 Qb6 5. dxc5 Qxc5 6. Nc3 d6 7. Be2 Bxc3+ 8.
bxc3 Nf6 9. Be3 Qa5 10. O-O Nxe4 11. Qd4 Nf6 12. Bg5 Nbd7 13. Rfe1 O-O 14. Bf1
Re8 15. Re3 e5 16. Qxd6 Ng4 17. Re4 Nc5 18. Ree1 Re6 19. Qd5 f6 20. h3 Bd7 21.
hxg4 Bc6 22. Qd2 Bxf3 23. gxf3 fxg5 24. Qxg5 Qxc3 25. Rad1 Rae8 26. Re3 Qb2 27.
Rd8 Kg7 28. Rxe8 Rxe8 29. f4 Ne6 30. Qxe5+ Qxe5 31. fxe5 b6 32. Bg2 g5 33. Kf1
Nf4 34. Bc6 Re7 35. a4 1/2-1/2

[Event "Prva liga Centralne Srbije 2010"]
[Site "Valjevo"]
[Date "2010.09.21"]
[Round "5.5"]
[White "Vratonjic, Slobo"]
[Black "Djokic, Nebojsa"]
[Result "1-0"]
[WhiteElo "2404"]
[BlackElo "2198"]
[PlyCount "53"]
[EventDate "2010.09.18"]

1. e4 c5 2. Nf3 Nc6 3. Bb5 g6 4. O-O Bg7 5. Re1 Nf6 6. c3 O-O 7. d4 d5 8. exd5
Qxd5 9. c4 Qd6 10. d5 Nd4 11. Nxd4 cxd4 12. Nd2 a6 13. Ba4 b5 14. Bb3 Bg4 15.
f3 Bf5 16. Qe2 Rfe8 17. g4 d3 18. Qe3 Bxg4 19. fxg4 Nxg4 20. Qg3 Qc5+ 21. Kg2
h5 22. h3 bxc4 23. Bxc4 Nh6 24. Qxd3 Rab8 25. Ne4 Qc7 26. Bxh6 Bxh6 27. b3 1-0

[Event "Prva liga Centralne Srbije 2010"]
[Site "Valjevo"]
[Date "2010.09.21"]
[Round "5.5"]
[White "Zivanovic, Nenad"]
[Black "Rabrenovic, Vladan"]
[Result "1/2-1/2"]
[WhiteElo "2187"]
[BlackElo "2384"]
[PlyCount "88"]
[EventDate "2010.09.18"]

1. e4 d6 2. d4 g6 3. Nc3 Bg7 4. Be3 a6 5. Qd2 b5 6. a3 Bb7 7. f3 Nd7 8. Nge2 c5
9. d5 Nb6 10. Ng3 h5 11. h4 Nf6 12. Rb1 Qc7 13. Nd1 Bc8 14. b3 e6 15. c4 exd5
16. cxd5 O-O 17. Bd3 Re8 18. O-O Nfd7 19. Nf2 Ne5 20. Be2 Qe7 21. Bg5 Qf8 22.
f4 Ng4 23. Bxg4 Bxg4 24. Nxg4 hxg4 25. f5 Bd4+ 26. Kh2 Qg7 27. f6 Qh8 28. Qf4
Nd7 29. Qxd6 Re5 30. Nf5 gxf5 31. Qxd7 Be3 32. Kg3 Bxg5 33. hxg5 Qh5 34. Rbe1
fxe4 35. Rf4 e3 36. Re2 Qg6 37. d6 Rae8 38. Qxg4 Kf8 39. d7 Rd8 40. Kf3 Rxg5
41. Qh3 Rh5 42. Qg4 Rg5 43. Qh3 Rh5 44. Qg4 Rg5 1/2-1/2

[Event "Prva liga Centralne Srbije 2010"]
[Site "Valjevo"]
[Date "2010.09.21"]
[Round "5.5"]
[White "Sredojevic, Ivan"]
[Black "Ilic, Aleksandar"]
[Result "1-0"]
[WhiteElo "2390"]
[BlackElo "2144"]
[PlyCount "119"]
[EventDate "2010.09.18"]

1. e4 c5 2. Nf3 d6 3. d4 cxd4 4. Nxd4 Nf6 5. Nc3 a6 6. Be2 e5 7. Nb3 Be7 8. O-O
Be6 9. Be3 Nbd7 10. a4 Rc8 11. f3 Nb6 12. a5 Nc4 13. Bxc4 Bxc4 14. Bb6 Qd7 15.
Rf2 O-O 16. Rd2 Ne8 17. Nc5 Qc6 18. Nd3 Bg5 19. Nb4 Qd7 20. Rf2 Kh8 21. Nbd5
Bxd5 22. Nxd5 f5 23. b3 Nf6 24. exf5 Nxd5 25. Qxd5 Rxf5 26. Rd1 Rc6 27. Re2 Qf7
28. c4 Kg8 29. Qd3 Be7 30. Re4 Rf4 31. Be3 Rxe4 32. Qxe4 Bd8 33. Rd5 g6 34. Kf2
Bc7 35. Ke2 Kg7 36. Qh4 h5 37. g4 hxg4 38. fxg4 Qe8 39. Rd1 Bd8 40. Qh6+ Kg8
41. Rf1 Rc7 42. Qh3 Rh7 43. Qg2 Qc6 44. Qf2 Be7 45. Bh6 Qe8 46. Qe3 Rf7 47. Rd1
Qc6 48. Rd5 Qc8 49. Qe4 Qe6 50. Be3 Bh4 51. g5 Qh3 52. Qxg6+ Rg7 53. Qe8+ Kh7
54. Qh5+ Kg8 55. Rxd6 Qxh2+ 56. Kd1 Qh1+ 57. Kc2 Qg2+ 58. Rd2 Qe4+ 59. Kb2 Rf7
60. Qh6 1-0

[Event "Prva liga Centralne Srbije 2010"]
[Site "Valjevo"]
[Date "2010.09.21"]
[Round "5.5"]
[White "Madjar, Stanislav"]
[Black "Lazic, Dragoljub"]
[Result "1/2-1/2"]
[WhiteElo "2145"]
[BlackElo "2319"]
[PlyCount "113"]
[EventDate "2010.09.18"]

1. c4 Nf6 2. Nc3 g6 3. g3 Bg7 4. Bg2 O-O 5. Nf3 d6 6. O-O e5 7. d3 Re8 8. Bg5
h6 9. Bxf6 Bxf6 10. Rb1 a5 11. a3 Bg7 12. b4 axb4 13. axb4 f5 14. Qc2 g5 15. b5
Nd7 16. Nd2 Nc5 17. Nb3 Ne6 18. Ra1 Rb8 19. Ra7 Nd4 20. Qa2 c6 21. Na5 e4 22.
dxe4 cxb5 23. Nxb5 Nxb5 24. cxb5+ Be6 25. Qa4 Qb6 26. Nc4 Qc5 27. Nd2 f4 28. b6
Qxb6 29. Rb1 Qc6 30. Qa3 Qc3 31. Qxc3 Bxc3 32. Nb3 b5 33. Ra6 Be5 34. e3 fxe3
35. fxe3 b4 36. Nd4 b3 37. Nxe6 Rxe6 38. Bf1 Rb4 39. Rc6 Kg7 40. Bc4 Re7 41.
Rxb3 Rxb3 42. Bxb3 Rb7 43. Bc2 h5 44. Kg2 Kf6 45. Rc8 Rb2 46. Rf8+ Kg7 47. Rc8
Ra2 48. Rc6 Ra3 49. Kf2 g4 50. Bd1 Ra1 51. Be2 Ra2 52. Kf1 Ra7 53. Kf2 Kh6 54.
Rc8 Kg7 55. Rc6 Rd7 56. Rc8 Kg6 57. Kg2 1/2-1/2